000 00814cad a22002775a 4500
001 L159771
008 150226s2016 xxk f 000 0 eng d
035 _a(Sirsi) u159771
041 0 _aeng
100 1 _aCreasey, S.
245 0 0 _aDare to be different
260 _c2016
490 _aModus
_vApril 2016, 20-22 (3)
520 _aConsiders alternatives to prime real estate assets such as healthcare properties, student accommodation, graveyards, private-rented sector and self-storage.
590 _aKA
650 2 4 _aPROPERTY
650 2 4 _aSTUDENT ACCOMMODATION
650 2 4 _aGRAVEYARDS
650 2 4 _aPRIVATE-RENTED SECTOR
650 2 4 _aSELF-STORAGE
650 2 4 _aHEALTHCARE MARKET
650 2 4 _aPROPERTY ASSETS
651 4 _aUnited Kingdom
690 _aInvestments
_96250
942 _n0
_2ddc
999 _c84976
_d84976